000
00354nam a2200169Ia 4500
001
6254
005
20250626025602.0
008
211022s9999 xx 000 0 und d
082
_a
747 ROW
100
_a
Rowntree, Diana
245
0
_a
Interior Design
260
_a
England
260
_b
Diana Rowntree
260
_c
1964
300
_a
vp
942
_c
BK
999
_c
5760
_d
5760